000 01725nam0a2200349 4500
001 RU\NLR\BIBL_A\010944512
005 20260406071316.0
010 _a978-5-295-06171-4
_92390
_bбаш.
021 _aRU
_b2015-52010
_93076
035 _a(NLR Aleph) 010944512
090 _a10762666
_c10762666
100 _a20151225d2015 |||y0rusy50 ca
101 0 _abak
102 _aRU
105 _ay |||||||||
200 1 _a"Математика" курсы һәм "Математика һәм информатика" курсы буйынса контроль эштәр
_e3-сө кл.
_fС. А. Козлова, А. Г. Рубин
210 _aӨфө
_cКитап
_d2015
215 _a63 б.
_d26
225 1 _a"Мәктәп 2100" мәғариф системаhы
225 1 _aКонтроль-иҫәпләү материалдары
309 _aБез тит. л. Описано по обл.
541 1 _aКонтрольные работы по курсу "Математика" и по курсу "Математика и информатика"
_e3 кл.
_zrus
606 0 _aМатематика
_jУчебные издания для начальной школы
_9922118
_3RU\NLR\auth\6619329
606 0 _aИнформатика
_jУчебные издания для начальной школы
_92081274
_3RU\NLR\auth\661257251
686 1 _aВ10 я71
686 1 _aЗ 973 я71
700 1 _4070
_8rus
_7ca
_aКозлова
_bС. А.
_cматематик
_gСветлана Александровна
_3RU\NLR\auth\7727812
_910843
701 1 _aРубин
_bА. Г.
_gАлександр Григорьевич
_4070
852 _aNLR
_bОНЛ
_jБашк./4-575
942 _cBOOK
980 _aNB